书目信息 |
| 题名: |
漫画春秋
|
|
| 作者: | 缪印堂 著 | |
| 分册: | ||
| 出版信息: | 北京 中国广播电视出版社 2005.01 |
|
| 页数: | 219页 | |
| 开本: | 22cm | |
| 丛书名: | 中国漫画大师书系 | |
| 单 册: | ||
| 中图分类: | K825.72 | |
| 科图分类: | ||
| 主题词: | 漫画--man hua--画家--回忆录--中国--现代 | |
| 电子资源: | ||
| ISBN: | 7-5043-4389-7 | |
| 000 | 00909nam 2200253 450 | |
| 001 | 012008351936 | |
| 005 | 20080318134341.73 | |
| 010 | @a7-5043-4389-7@dCNY28.00 | |
| 100 | @a20080318d2005 km y0chiy0120 ea | |
| 101 | 0 | @achi |
| 102 | @aCN@b110000 | |
| 105 | @aac z 000yy | |
| 106 | @ar | |
| 200 | 1 | @a漫画春秋@Aman hua chun qiu@f缪印堂著@Fmiao yin tang zhu |
| 210 | @a北京@c中国广播电视出版社@d2005.01 | |
| 215 | @a219页@c图, 肖像@d22cm | |
| 225 | 2 | @a中国漫画大师书系@Azhong guo man hua da shi shu xi |
| 330 | @a本书记述了作者的漫画人生,内容包括“走进漫画”、“我的选择”、“战乱中的童年”、“欢乐和苦难同在”、“探索之路”、“走向世界”、“没有休止符”等篇章。 | |
| 410 | 0 | @12001 @a中国漫画大师书系 |
| 606 | 0 | @a漫画@Aman hua@x画家@x回忆录@y中国@z现代 |
| 690 | @aK825.72@v4 | |
| 701 | 0 | @a缪印堂@Amiao yin tang@4著 |
| 801 | 0 | @aCN@bQSSK@c20080318 |
| 905 | @b20286973-75@dK825.72@eM763@f3 | |
| 漫画春秋/缪印堂著.-北京:中国广播电视出版社,2005.01 |
| 219页:图, 肖像;22cm.-(中国漫画大师书系) |
| ISBN 7-5043-4389-7:CNY28.00 |
| 本书记述了作者的漫画人生,内容包括“走进漫画”、“我的选择”、“战乱中的童年”、“欢乐和苦难同在”、“探索之路”、“走向世界”、“没有休止符”等篇章。 |
| ● |
| 相关链接 |
|
|
|
正题名:漫画春秋
索取号:K825.72/M763
 
预约/预借
| 序号 | 登录号 | 条形码 | 馆藏地/架位号 | 状态 | 备注 |
| 1 | 286973 | 202869734 | 自科二线404/309社科库 54排1列5层/ [索取号:K825.72/M763] | 在馆 | |
| 2 | 286974 | 202869743 | 社科库309/309社科库 54排1列5层/ [索取号:K825.72/M763] | 在馆 | |
| 3 | 286975 | 202869752 | 自科二线404/400A自科库 6排1列1层/ [索取号:K825.72/M763] | 在馆 |